000 00655nam a2200265Ia 4500
005 20260121172235.0
008 008 260114s9999 xx 000 0 eng d
020 _a9789811549960
037 _aEBOOK
040 _aCRL
040 _beng
040 _cCRL
041 _2eng
041 _aeng
084 _qCRL
100 _aMichelle Jones, Alma Harris
_91085999
245 0 _aLeading and Transforming Education Systems
260 _bSpringer
260 _bSpringer
260 _c2020
856 _uhttps://link.springer.com/openurl?genre=book&isbn=978-981-15-4996-0
942 _cEBOOK
999 _c1651736
_d1651736